[Event "CHI-ch"]
[White "Gasic Merino, Franco Ignacio"]
[Black "Miranda Camus, Joaquin Ignacio"]
[Site "Santiago de Chile"]
[Round "10"]
[Result "1/2-1/2"]
[Date "2024.02.25"]
[WhiteElo "2228"]
[BlackElo "2050"]
[PlyCount "132"]
[EventDate "2024.02.19"]
[EventType "swiss"]
[EventRounds "11"]
[EventCountry "CHI"]
[SourceTitle "CBM 218 Extra"]
[Source "ChessBase"]
[SourceDate "2024.03.31"]
[SourceVersion "1"]
[SourceVersionDate "2024.03.31"]
[SourceQuality "1"]

1. d4 Nf6 2. g3 d5 3. Nf3 Bf5 4. Nh4 e6 5. Nxf5 exf5 6. Bg2 c6 7. 0-0 g6 8. b3 a5 9. a4 Na6 10. Re1 h5 11. c3 h4 12. Qd3 hxg3 13. hxg3 Bd6 14. Bg5 Kf8 15. Nd2 Kg7 16. Bf3 Be7 17. Bxf6+ Bxf6 18. Kg2 Qd6 19. Rh1 f4 20. e4 fxe3 21. fxe3 Bg5 22. e4 Nc7 23. exd5 Nxd5 24. Ne4 Qe7 25. Rhe1 Rh7 26. c4 Nb4 27. Qc3 Rah8 28. Kf2 Rh2+ 29. Bg2 Bf6 30. Re3 Nc2 31. Qxc2 Bxd4 32. Rd1 Bxe3+ 33. Kxe3 f5 34. Qc3+ Kf7 35. Rd7 Qxd7 36. Qf6+ Kg8 37. Qxg6+ Kf8 38. Qf6+ Qf7 39. Qd8+ Kg7 40. Qd4+ Kg8 41. Qd8+ Kh7 42. Ng5+ Kg6 43. Nxf7 Rxd8 44. Nxd8 Rxg2 45. Nxb7 Rxg3+ 46. Kd4 Rxb3 47. Nxa5 Rb6 48. Kc5 Ra6 49. Nxc6 Rxc6+ 50. Kxc6 f4 51. a5 f3 52. a6 f2 53. a7 f1Q 54. Kb7 Qb1+ 55. Kc7 Qa1 56. Kb7 Qb2+ 57. Kc7 Qa3 58. Kb7 Qb4+ 59. Kc7 Qe7+ 60. Kb8 Qd8+ 61. Kb7 Qd7+ 62. Kb8 Qe8+ 63. Kb7 Qe7+ 64. Kb8 Qb4+ 65. Kc7 Qc5+ 66. Kb7 Qb4+ 1/2-1/2

[Event "CHI-ch"]
[White "Henriquez Villagra, Cristobal"]
[Black "Gasic Merino, Franco Ignacio"]
[Site "Santiago de Chile"]
[Round "5"]
[Result "1-0"]
[Date "2024.02.22"]
[WhiteElo "2591"]
[BlackElo "2228"]
[PlyCount "69"]
[EventDate "2024.02.19"]
[EventType "swiss"]
[EventRounds "11"]
[EventCountry "CHI"]
[SourceTitle "CBM 218 Extra"]
[Source "ChessBase"]
[SourceDate "2024.03.31"]
[SourceVersion "1"]
[SourceVersionDate "2024.03.31"]
[SourceQuality "1"]

1. d4 Nf6 2. c4 g6 3. Nc3 d5 4. Nf3 Bg7 5. h4 dxc4 6. e4 c5 7. d5 b5 8. e5 Ng4 9. Bf4 h5 10. a4 b4 11. Ne4 Nd7 12. e6 fxe6 13. dxe6 Nf8 14. Qxd8+ Kxd8 15. 0-0-0+ Ke8 16. Bxc4 Bxe6 17. Bb5+ Bd7 18. Rhe1 Bxb5 19. Nd6+ Kd8 20. Nxb5+ Nd7 21. Ng5 Rg8 22. Bc7+ Kc8 23. Rxe7 Ngf6 24. Ne6 Bh6+ 25. Kc2 Kb7 26. Be5 Kb6 27. Bxf6 Nxf6 28. Rd6+ Ka5 29. Nxc5 a6 30. Kb3 Rgb8 31. Na7 Rb6 32. Nc6+ Rxc6 33. Rxc6 Ra7 34. Rxa7 Ne4 35. Nb7# 1-0

[Event "Sitges Sunway op 9th"]
[White "Gasic Merino, Franco Ignacio"]
[Black "Korobov, Anton"]
[Site "Sitges"]
[Round "2"]
[Result "0-1"]
[Date "2022.12.13"]
[WhiteElo "2195"]
[BlackElo "2662"]
[PlyCount "60"]
[EventDate "2022.12.12"]
[EventType "swiss"]
[EventRounds "10"]
[EventCountry "ESP"]
[SourceTitle "CBM 211 Extra"]
[Source "ChessBase"]
[SourceDate "2023.01.31"]
[SourceVersion "1"]
[SourceVersionDate "2023.01.31"]
[SourceQuality "1"]

1. d4 Nf6 2. g3 c5 3. d5 b5 4. a4 b4 5. c4 bxc3 6. Nxc3 g6 7. e4 d6 8. Bb5+ Nfd7 9. Nf3 Bg7 10. h4 Na6 11. h5 Nc7 12. Bc6 Rb8 13. Qe2 Rb4 14. Bf4 Ba6 15. Qd2 Qb8 16. 0-0-0 Bxc3 17. Qxc3 Rc4 18. Qxc4 Bxc4 19. Rhe1 f6 20. e5 fxe5 21. Bxe5 0-0 22. Bc3 Rxf3 23. Bxd7 Rxc3+ 24. bxc3 Qb3 25. Re3 Nxd5 26. Be6+ Kf8 27. Rf3+ Nf6 28. Bxc4 Qxc4 29. hxg6 hxg6 30. a5 Ke8 0-1

[Event "CHI-ch sf"]
[White "Gasic Merino, Franco Ignacio"]
[Black "Rivera Sarmiento, Andres Misael"]
[Site "Vina del Mar"]
[Round "7"]
[Result "1-0"]
[Date "2022.02.12"]
[WhiteElo "2190"]
[BlackElo "1884"]
[PlyCount "147"]
[EventDate "2022.02.08"]
[EventType "swiss"]
[EventRounds "8"]
[EventCountry "CHI"]
[SourceTitle "CBM 207 Extra"]
[Source "ChessBase"]
[SourceDate "2022.05.31"]
[SourceVersion "1"]
[SourceVersionDate "2022.05.31"]
[SourceQuality "1"]

1. d4 Nf6 2. g3 g6 3. Bg2 Bg7 4. e4 d6 5. Ne2 0-0 6. 0-0 e5 7. Nbc3 Nc6 8. dxe5 dxe5 9. Bg5 Bg4 10. h3 Bxe2 11. Nxe2 h6 12. Be3 Qxd1 13. Raxd1 Rfd8 14. c3 a5 15. a4 b6 16. f4 Rd7 17. Rxd7 Nxd7 18. Rd1 Rd8 19. Nc1 Nf8 20. Rd5 Rd7 21. Bd2 Ne7 22. Rxd7 Nxd7 23. b4 Kf8 24. Bf1 Ke8 25. bxa5 bxa5 26. Nb3 c6 27. Nxa5 Nc5 28. fxe5 Bxe5 29. Nc4 Bxg3 30. a5 Nxe4 31. a6 Bf2+ 32. Kg2 Ba7 33. Be3 c5 34. Bxh6 Nf5 35. Bf4 f6 36. Na5 Nh4+ 37. Kh1 Nxc3 38. Nc6 Bb6 39. a7 Bxa7 40. Nxa7 g5 41. Be3 Ne4 42. Bd3 Ng3+ 43. Kh2 Nh5 44. Be4 Kf7 45. Nb5 Ke6 46. Bxc5 f5 47. Bb7 Nf6 48. Bf2 f4 49. Nd4+ Ke5 50. Bxh4 gxh4 51. Nf3+ Kf5 52. Nxh4+ Kg5 53. Nf3+ Kf5 54. Kg2 Nh5 55. h4 Nf6 56. Bc6 Kg4 57. Bb7 Kh5 58. Bc8 Ne4 59. Bd7 Nf6 60. Bf5 Nd5 61. Kh3 Nf6 62. Ne5 Nd5 63. Nd3 Kh6 64. Be4 Nf6 65. Bf3 Kg6 66. Nxf4+ Kf5 67. Ng2 Kg6 68. Ne3 Kh6 69. Kg3 Kg6 70. Kf4 Ng8 71. h5+ Kh6 72. Nf5+ Kh7 73. Kg5 Kh8 74. Bd5 1-0

[Event "Arica op 7th"]
[White "Gasic Merino, Franco Ignacio"]
[Black "Salinas Herrera, Pablo Patricio"]
[Site "Arica"]
[Round "9"]
[Result "0-1"]
[Date "2021.12.17"]
[WhiteElo "2204"]
[BlackElo "2513"]
[PlyCount "76"]
[EventDate "2021.12.12"]
[EventType "swiss"]
[EventRounds "10"]
[EventCountry "CHI"]
[SourceTitle "CBM 205 Extra"]
[Source "ChessBase"]
[SourceDate "2022.01.31"]
[SourceVersion "1"]
[SourceVersionDate "2022.01.31"]
[SourceQuality "1"]

1. d4 d5 2. Nf3 Nf6 3. g3 Bf5 4. c4 c6 5. Nc3 e6 6. Nh4 dxc4 7. Nxf5 exf5 8. e3 Nbd7 9. Qc2 g6 10. Bxc4 Nb6 11. Bb3 h5 12. Bd2 a5 13. 0-0-0 Bg7 14. f3 0-0 15. h3 a4 16. Nxa4 Nxa4 17. g4 b5 18. gxf5 c5 19. fxg6 c4 20. Bxa4 Rxa4 21. a3 c3 22. Bxc3 Nd5 23. Qb3 Nxe3 24. Qxb5 Nxd1 25. Qxa4 Nxc3 26. gxf7+ Kh8 27. bxc3 Qg5+ 28. Kd1 Qf5 29. Ke2 Qxf7 30. Rf1 Qa2+ 31. Kd3 Qg2 32. Qd1 Qg6+ 33. Ke2 Rb8 34. Rf2 Rb2+ 35. Ke3 Qe6+ 36. Kd3 Rxf2 37. f4 Qf5+ 38. Kc4 Rxf4 0-1

[Event "FIDE World Uni Rapid-A 1st"]
[White "Defromont, Benjamin"]
[Black "Gasic Merino, Franco Ignacio"]
[Site "Tornelo INT"]
[Round "7"]
[Result "1/2-1/2"]
[Date "2021.03.21"]
[WhiteElo "2246"]
[BlackElo "2204"]
[PlyCount "163"]
[EventDate "2021.03.20"]
[EventType "swiss (rapid)"]
[EventRounds "12"]
[EventCountry "NET"]
[SourceTitle "CBM 201 Extra"]
[Source "ChessBase"]
[SourceDate "2021.05.31"]
[SourceVersion "1"]
[SourceVersionDate "2021.05.31"]
[SourceQuality "1"]

1. e4 d5 2. exd5 Nf6 3. d4 Bg4 4. Bb5+ Nbd7 5. f3 Bf5 6. g4 Bg6 7. Nc3 a6 8. Ba4 b5 9. Bb3 Nb6 10. a4 b4 11. a5 bxc3 12. axb6 cxb6 13. Qe2 b5 14. Rxa6 Rb8 15. Qe5 Nd7 16. Qf4 Nb6 17. Ne2 cxb2 18. Bxb2 Rc8 19. Nc3 e6 20. dxe6 Bd6 21. exf7+ Kd7 22. Qe3 Nc4 23. Bxc4 bxc4 24. 0-0 Qe7 25. Ra7+ Rc7 26. Rxc7+ Bxc7 27. Qxe7+ Kxe7 28. Nd5+ Kd7 29. Nxc7 Kxc7 30. Re1 Rf8 31. Re7+ Kd8 32. Ba3 Rxf7 33. Rxf7 Bxf7 34. c3 Kd7 35. Kf2 Ke6 36. Ke3 Kf6 37. Kf4 Bd5 38. h4 g6 39. Bd6 h6 40. Kg3 h5 41. Be5+ Ke6 42. Kf4 Kf7 43. Bc7 Ke6 44. Bd8 Bc6 45. Ke3 Ba4 46. Bc7 Bd1 47. Bg3 hxg4 48. fxg4 Bxg4 49. Kf4 Bd1 50. Kg5 Bc2 51. Bb8 Kd5 52. Ba7 Bd3 53. Bc5 Bc2 54. Kf6 Bd3 55. Kg5 Bc2 56. Be7 Bb1 57. Kf4 Bc2 58. Bg5 Bd3 59. Kg3 Ke4 60. Bd2 Be2 61. Be1 Bd1 62. Bf2 Kd3 63. d5 Kxc3 64. d6 Ba4 65. Kf4 Kd3 66. Bc5 c3 67. Ke5 c2 68. Ba3 Be8 69. Ke6 Ke4 70. Bc1 Kf3 71. Ke7 Bc6 72. d7 Bxd7 73. Kxd7 Kg4 74. Bg5 c1Q 75. Bxc1 Kxh4 76. Ke6 g5 77. Kf5 g4 78. Be3 Kh3 79. Kf4 g3 80. Kf3 g2 81. Bg1 Kh4 82. Kxg2 1/2-1/2

[Event "FIDE World Uni Rapid-A 1st"]
[White "Gasic Merino, Franco Ignacio"]
[Black "Vozinaki, Anthi Maria"]
[Site "Tornelo INT"]
[Round "4"]
[Result "1-0"]
[Date "2021.03.20"]
[WhiteElo "2204"]
[BlackElo "1861"]
[PlyCount "129"]
[EventDate "2021.03.20"]
[EventType "swiss (rapid)"]
[EventRounds "12"]
[EventCountry "NET"]
[SourceTitle "CBM 201 Extra"]
[Source "ChessBase"]
[SourceDate "2021.05.31"]
[SourceVersion "1"]
[SourceVersionDate "2021.05.31"]
[SourceQuality "1"]

1. d4 Nf6 2. g3 c5 3. d5 g6 4. c4 b5 5. cxb5 a6 6. bxa6 Bg7 7. Nc3 0-0 8. Bg2 Qa5 9. d6 Rxa6 10. dxe7 Re8 11. Nf3 Ne4 12. 0-0 Nxc3 13. bxc3 Bxc3 14. Bg5 Nc6 15. Rc1 Nxe7 16. Qb3 Bg7 17. e4 d6 18. Bf4 Be6 19. Qc2 Qxa2 20. Qxa2 Bxa2 21. Rfd1 Nc8 22. Bf1 Ra3 23. Nd2 Bd4 24. Bb5 Rd8 25. Nc4 Bxc4 26. Bxc4 Nb6 27. Bg5 Re8 28. Bd3 Ra2 29. Bc2 d5 30. Rxd4 cxd4 31. Bb3 Ra5 32. exd5 Rb5 33. Bd1 Rxd5 34. Bd2 d3 35. Rc7 Red8 36. Bb3 R5d7 37. Rc6 Nd5 38. Bg5 Rb8 39. Ba4 Nb4 40. Rc1 Rd5 41. Bd2 Rbd8 42. Bxb4 Rd4 43. Be7 d2 44. Rd1 R8d5 45. Bc2 Ra5 46. Bf6 Rd6 47. Bc3 Ra2 48. Bb3 Ra8 49. Rxd2 Rb6 50. Bd5 Rb1+ 51. Kg2 Rd8 52. Bxf7+ Kxf7 53. Rxd8 Rc1 54. Rc8 Ke6 55. Rc7 h5 56. h4 Kf5 57. Kf3 Rc2 58. Rc5+ Ke6 59. Bd4 Rd2 60. Be3 Rd3 61. Ke4 Ra3 62. Rc6+ Kf7 63. Rc7+ Ke6 64. Re7+ Kf6 65. Bg5# 1-0

[Event "FIDE World Uni Blitz-D 1st"]
[White "Gasic Merino, Franco Ignacio"]
[Black "Deng, Haoyou"]
[Site "Tornelo INT"]
[Round "4.82"]
[Result "0-1"]
[Date "2021.03.13"]
[WhiteElo "2204"]
[BlackElo "1672"]
[PlyCount "126"]
[EventDate "2021.03.13"]
[EventType "swiss (blitz)"]
[EventRounds "10"]
[EventCountry "NET"]
[SourceTitle "EXT 2022"]
[Source "ChessBase"]
[SourceDate "2021.10.06"]
[SourceVersion "1"]
[SourceVersionDate "2021.10.06"]
[SourceQuality "1"]

1. d4 Nf6 2. Nf3 b6 3. Bf4 Bb7 4. e3 e6 5. Nbd2 c5 6. c3 Be7 7. Be2 0-0 8. 0-0 d5 9. Rc1 Nh5 10. Bg3 Nxg3 11. hxg3 Nd7 12. Re1 Rc8 13. Bf1 f5 14. Bb5 a6 15. Bxd7 Qxd7 16. Ne5 Qe8 17. Ndf3 g5 18. Qb3 b5 19. dxc5 Rxc5 20. Nd4 Bd6 21. f4 Bxe5 22. fxe5 Qd7 23. Qb4 Rc4 24. Qb3 Re8 25. Qc2 Qg7 26. b3 Rc7 27. Nf3 g4 28. Nd4 Qxe5 29. Qd3 Rec8 30. Re2 Kf7 31. Rf2 Qe4 32. Qxe4 dxe4 33. Rfc2 Bd5 34. Kf2 Kf6 35. Ne2 h5 36. Nf4 Rh8 37. c4 bxc4 38. bxc4 Bc6 39. Ne2 h4 40. gxh4 Rxh4 41. Nd4 Ba4 42. Rc3 Rh2 43. c5 Rh8 44. Nb3 Rhc8 45. Nd2 e5 46. Nb3 Bxb3 47. axb3 a5 48. Rc4 Ke6 49. Ke2 Rc6 50. R1c2 Kd5 51. Rd2+ Ke6 52. Rdc2 Rb8 53. R2c3 Rb4 54. Rxb4 axb4 55. Rc4 Kd5 56. Rxb4 Rxc5 57. Rb7 f4 58. Rf7 f3+ 59. gxf3 exf3+ 60. Kf2 Ke4 61. Rb7 Rc2+ 62. Ke1 Kxe3 63. Rb4 Rc1# 0-1

[Event "FIDE World Uni Blitz-A 1st"]
[White "Gasic Merino, Franco Ignacio"]
[Black "Nguyen, Khoa Minh"]
[Site "Tornelo INT"]
[Round "7.39"]
[Result "1-0"]
[Date "2021.03.13"]
[WhiteElo "2204"]
[BlackElo "1801"]
[PlyCount "103"]
[EventDate "2021.03.13"]
[EventType "swiss (blitz)"]
[EventRounds "10"]
[EventCountry "NET"]
[SourceTitle "EXT 2022"]
[Source "ChessBase"]
[SourceDate "2021.10.06"]
[SourceVersion "1"]
[SourceVersionDate "2021.10.06"]
[SourceQuality "1"]

1. d4 d5 2. Nf3 Nf6 3. g3 Bf5 4. c4 e6 5. Nc3 c6 6. Nh4 Bg6 7. Qb3 Qb6 8. Nxg6 hxg6 9. c5 Qxb3 10. axb3 Nbd7 11. b4 e5 12. e3 Be7 13. b5 Ne4 14. bxc6 bxc6 15. Ra6 exd4 16. exd4 Nxc3 17. bxc3 Nb8 18. Ra2 Kd7 19. Bf4 g5 20. Be3 f5 21. c4 Bf6 22. Bd3 g6 23. cxd5 cxd5 24. Bb5+ Kc7 25. 0-0 a6 26. Rfa1 Kb7 27. Ra4 Bd8 28. Bd3 a5 29. Bd2 Nc6 30. Bb5 Rf8 31. Bxc6+ Kxc6 32. Bxa5 f4 33. Bxd8 Raxd8 34. Ra6+ Kb5 35. Rxg6 fxg3 36. hxg3 Kc4 37. Rd1 Rf5 38. Re6 Rdf8 39. Re2 g4 40. Rc2+ Kb5 41. c6 Rc8 42. Rc5+ Kb6 43. c7 Rf6 44. Rb1+ Ka6 45. Rc2 Ka7 46. Kg2 Rb6 47. Rxb6 Kxb6 48. f4 gxf3+ 49. Kxf3 Kb5 50. Kf4 Kb4 51. Ke5 Kb3 52. Rc5 1-0

[Event "FISU World University"]
[White "Gasic Merino, Franco Ignacio"]
[Black "Ng, Jr Jie"]
[Site "Tornelo INT"]
[Round "9.24"]
[Result "1-0"]
[Date "2020.10.28"]
[WhiteElo "2204"]
[BlackElo "1171"]
[PlyCount "43"]
[EventDate "2020.10.26"]
[EventType "team-swiss (rapid)"]
[EventRounds "9"]
[EventCountry "NET"]
[SourceTitle "CBM 199 Extra"]
[Source "ChessBase"]
[SourceDate "2021.01.31"]
[SourceVersion "1"]
[SourceVersionDate "2021.01.31"]
[SourceQuality "1"]
[WhiteTeam "Chile"]
[BlackTeam "Singapore"]
[WhiteTeamCountry "CHI"]
[BlackTeamCountry "SIN"]

1. d4 Nf6 2. g3 g6 3. Bg2 Bg7 4. e4 d6 5. Ne2 Nbd7 6. 0-0 0-0 7. Nbc3 c5 8. d5 e6 9. dxe6 fxe6 10. Qxd6 Qb6 11. Qxb6 Nxb6 12. Be3 Nfd7 13. b3 a6 14. Rad1 c4 15. Rd6 Be5 16. Rxe6 cxb3 17. axb3 Kf7 18. Rxe5 Nxe5 19. Bxb6 Be6 20. Nf4 Rac8 21. Nxe6 Kxe6 22. Bh3+ 1-0

[Event "CHI-ch"]
[White "Gasic Merino, Franco Ignacio"]
[Black "Salinas Herrera, Pablo Patricio"]
[Site "Santiago de Chile"]
[Round "11"]
[Result "0-1"]
[Date "2020.02.20"]
[WhiteElo "2168"]
[BlackElo "2502"]
[PlyCount "74"]
[EventDate "2020.02.11"]
[EventType "tourn"]
[EventRounds "11"]
[EventCountry "CHI"]
[EventCategory "2"]
[SourceTitle "CBM 195 Extra"]
[Source "ChessBase"]
[SourceDate "2020.05.31"]
[SourceVersion "1"]
[SourceVersionDate "2020.05.31"]
[SourceQuality "1"]

1. d4 g6 2. g3 Bg7 3. Bg2 d6 4. e4 c5 5. dxc5 Qa5+ 6. Nc3 Qxc5 7. Nge2 Nf6 8. 0-0 0-0 9. Be3 Qa5 10. Qc1 Re8 11. h3 Nc6 12. Nf4 Bd7 13. Bd2 Rac8 14. Re1 Ne5 15. Nd3 Nc4 16. Bh6 Bxh6 17. Qxh6 Nxb2 18. Nd5 Nxd3 19. Nxf6+ exf6 20. cxd3 Qg5 21. Qxg5 fxg5 22. Reb1 b5 23. Rb4 Kf8 24. a4 bxa4 25. Rb7 Red8 26. Rxa7 Ra8 27. Rc7 Be8 28. Ra3 Rdc8 29. Rb7 Rab8 30. Ra7 Rc1+ 31. Kh2 Rb2 32. d4 Rxf2 33. g4 Rd2 34. d5 Rcc2 35. Rg3 Bb5 36. e5 dxe5 37. d6 Bc6 0-1

[Event "CHI-ch"]
[White "Gasic Merino, Franco Ignacio"]
[Black "Garcia Cardenas, Pablo"]
[Site "Santiago de Chile"]
[Round "8"]
[Result "1/2-1/2"]
[Date "2020.02.17"]
[WhiteElo "2168"]
[BlackElo "2424"]
[PlyCount "227"]
[EventDate "2020.02.11"]
[EventType "tourn"]
[EventRounds "11"]
[EventCountry "CHI"]
[EventCategory "2"]
[SourceTitle "CBM 195 Extra"]
[Source "ChessBase"]
[SourceDate "2020.05.31"]
[SourceVersion "1"]
[SourceVersionDate "2020.05.31"]
[SourceQuality "1"]

1. d4 Nf6 2. g3 g6 3. Bg2 d5 4. Nf3 Bg7 5. 0-0 0-0 6. Nbd2 c6 7. c4 a5 8. b3 a4 9. Bb2 Bf5 10. bxa4 Qa5 11. Qb3 Ra7 12. Rfc1 Re8 13. e3 dxc4 14. Nxc4 Qxa4 15. Nfd2 Be6 16. Qxa4 Rxa4 17. a3 Nfd7 18. Ne5 Nxe5 19. dxe5 Nd7 20. f4 f6 21. exf6 exf6 22. Ne4 Bf8 23. Nxf6+ Nxf6 24. Bxf6 Rxa3 25. Bd4 Bf5 26. Rxa3 Bxa3 27. Ra1 Bd6 28. e4 Be6 29. Ra7 Re7 30. Ra8+ Kf7 31. Rh8 h5 32. Rh7+ Ke8 33. Rh6 Rd7 34. Be3 Bf7 35. Bh3 Rd8 36. f5 Be5 37. fxg6 Bg8 38. Rxh5 Bg7 39. Ra5 Bc4 40. e5 Bd3 41. Bg5 Rb8 42. Bg4 Bxg6 43. h4 b5 44. Ra7 Kf8 45. Be7+ Kg8 46. Bd6 Rd8 47. h5 Bf7 48. Rd7 Re8 49. h6 Bxe5 50. h7+ Kxh7 51. Rxf7+ Kg6 52. Bxe5 Rxe5 53. Rc7 Rg5 54. Rxc6+ Kg7 55. Be2 Rxg3+ 56. Kf2 Rb3 57. Rb6 b4 58. Bd1 Rb2+ 59. Ke3 Kf7 60. Kd3 Ke7 61. Kc4 Rd2 62. Bb3 Rd6 63. Rb5 Kf6 64. Kxb4 Rc6 65. Bc4 Rd6 66. Kc3 Rd1 67. Bd3 Ke6 68. Kd4 Kd6 69. Rb6+ Kc7 70. Rh6 Kd7 71. Ke4 Kc7 72. Bb5 Rd6 73. Rh1 Rd2 74. Rh7+ Kb6 75. Bd3 Kc5 76. Rd7 Rh2 77. Rd5+ Kc6 78. Kd4 Rh6 79. Ra5 Rd6+ 80. Kc4 Kd7 81. Be4 Rd1 82. Bd3 Ke6 83. Kd4 Kd6 84. Ra6+ Ke7 85. Ke4 Kd7 86. Bc4 Re1+ 87. Kd4 Rd1+ 88. Kc5 Ke7 89. Re6+ Kf8 90. Bd5 Ra1 91. Rg6 Ke7 92. Kd4 Kd7 93. Ke5 Re1+ 94. Be4 Kc7 95. Rc6+ Kd7 96. Rc2 Kd8 97. Rc3 Kd7 98. Rc4 Re2 99. Rb4 Re1 100. Rb7+ Kc8 101. Rh7 Kb8 102. Kd5 Rc1 103. Kd6 Rf1 104. Bc6 Rf6+ 105. Kc5 Kc8 106. Rh8+ Kc7 107. Bd5 Kd7 108. Rh7+ Ke8 109. Kd4 Kf8 110. Ke5 Rf1 111. Bc4 Rf3 112. Be6 Ke8 113. Bf5 Re3+ 114. Kf6 1/2-1/2